Logo CIB grande

IMPACT ASSESSMENT OF AN EDUCATIONAL INTERVENTION BASED ON THE CONSTRUCTIVIST PARADIGM ON THE DEVELOPMENT OF ENTREPRENEURIAL COMPETENCIES IN UNIVERSITY STUDENTS (Registro nro. 234768)

Detalles MARC
000 -LEADER
campo de control de longitud fija 00913nam a2200241Ia 4500
005 - FECHA Y HORA DE LA ÚLTIMA TRANSACCIÓN
campo de control 20250425162714.0
008 - DATOS DE LONGITUD FIJA--INFORMACIÓN GENERAL
campo de control de longitud fija 250425s9999 xx 000 0 und d
041 ## - CÓDIGO DE IDIOMA
Código de lengua del texto/banda sonora o título independiente eng
082 ## - NÚMERO DE LA CLASIFICACIÓN DECIMAL DEWEY
Número de clasificación 379.1214
010 ## - NÚMERO DE CONTROL DE LA BIBLIOTECA DEL CONGRESO
Número de control de LC 98713
100 ## - ENTRADA PRINCIPAL--NOMBRE DE PERSONA
Nombre de persona IZQUIERDO, EDGAR E.
245 #0 - MENCIÓN DEL TÍTULO
Título IMPACT ASSESSMENT OF AN EDUCATIONAL INTERVENTION BASED ON THE CONSTRUCTIVIST PARADIGM ON THE DEVELOPMENT OF ENTREPRENEURIAL COMPETENCIES IN UNIVERSITY STUDENTS
250 ## - MENCION DE EDICION
Mención de edición S.E.
260 ## - PUBLICACIÓN, DISTRIBUCIÓN, ETC.
Lugar de publicación, distribución, etc. Bélgica
Nombre del editor, distribuidor, etc. UNIVERSITEIT GENT
Fecha de publicación, distribución, etc. 2008
260 ## - PUBLICACIÓN, DISTRIBUCIÓN, ETC.
Lugar de publicación, distribución, etc. S.L.
500 ## - NOTA GENERAL
Nota general SUBMITTED TO THE FACULTY OF ECONOMICS AND BUSINESS ADMINISTRATION IN PARTIAL FULFILLMENT OF THE REQUIREMENTS FOR THE DEGREE OF DOCTOR IN APPLIED ECONOMICS. TESIS DOCTORAL.
650 ## - PUNTO DE ACCESO ADICIONAL DE MATERIA--TÉRMINO DE MATERIA
Término de materia o nombre geográfico como elemento de entrada COMPETENCIA-EMPRESA
650 ## - PUNTO DE ACCESO ADICIONAL DE MATERIA--TÉRMINO DE MATERIA
Término de materia o nombre geográfico como elemento de entrada EDUCACION SUPERIOR
650 ## - PUNTO DE ACCESO ADICIONAL DE MATERIA--TÉRMINO DE MATERIA
Término de materia o nombre geográfico como elemento de entrada TESIS Y DISERTACIONES ACADEMICAS
650 ## - PUNTO DE ACCESO ADICIONAL DE MATERIA--TÉRMINO DE MATERIA
Término de materia o nombre geográfico como elemento de entrada TESIS-RESUMEN ANALITICO
710 ## - ENTRADA AGREGADA--NOMBRE DE ENTIDAD CORPORATIVA
Nombre de entidad corporativa o nombre de jurisdicción como elemento de entrada UNIVERSITEIT GENT
942 ## - ELEMENTOS DE ENTRADA SECUNDARIOS (KOHA)
Tipo de ítem Koha Libros
Existencias
Estatus retirado Estado de pérdida Estado de daño No para préstamo Biblioteca de origen Biblioteca actual Fecha de adquisición Coste, precio normal de compra Total de préstamos Código de barras Copia número Nota pública
        ESCUELA DE NEGOCIOS ESCUELA DE NEGOCIOS 14/07/2008 20.00   D-P 09759 1 DONADO

Copyright 2025 ESPOL. Todos los derechos reservados.